| 000 | 01603nam a22002537a 4500 | ||
|---|---|---|---|
| 999 |
_c22401 _d22401 |
||
| 003 | OSt | ||
| 005 | 20220602142421.0 | ||
| 008 | 220602b ||||| |||| 00| 0 spa d | ||
| 020 | _a9786124805714 | ||
| 040 | _cBiblioteca Municipal de Cusco | ||
| 082 |
_a869.56018/R82 _bR82 |
||
| 245 | 0 | 0 |
_aAnticanon : _b30 poetas peruanos muertos e invisibilizados / _cJorge Luis Roncal Rodríguez |
| 246 | 1 | 4 | _aAnti canon poético |
| 246 | 1 | 8 | _aAnticanon poético |
| 250 | _aPrimera edición. | ||
| 264 | 1 |
_aLima, Perú : _bContracultura, _cjulio de 2019. |
|
| 300 |
_a178 páginas ; _c21 cm |
||
| 500 | _a"Investigación y selección de Jorge Luis Roncal."-- Cubierta. | ||
| 505 | 2 | _aContenido: Erasmo Alayo Paredes -- Gilberto Alvarado -- Jorge Bacacorzo -- Raúl Brozovich -- Mercedes Bueno Morales -- Guillermo Chirinos Cúneo -- Julia Ferrer -- Rogelio Gallardo Bocanegra -- Orlando Germán Vega -- Enrique Huaco Menéndez -- Manuel Ibánez Rosazza -- Germán Lequerica Perea -- Mario Luna Coraquillo -- Augusto Lunel -- Víctor Mazzi Trujillo -- Luzgardo Medina Egoavil -- Diego Ántero Melgar Vega -- Rafael Méndez Dorich -- Adela Montesinos Montesinos -- Alberto Mostajo -- Hernando Núñez Carvallo -- Algemiro Pérez Contreras -- Aníbal Portocarrero -- Félix Puescas Montero -- Demetrio Quiroz-Malca -- René Ramírez Lévano -- Serapio Salinas Zevallos -- Edgardo Tello Loayza -- Juan Luis Velázquez -- Percy Zaga Bustinza. | |
| 650 | 0 |
_aPoesía peruana _ySiglo XX _948046 |
|
| 655 | 7 |
_aPoesía _948047 |
|
| 700 | 1 |
_aRoncal Rodríguez, Jorge Luis, _d1955- _eeditor. _948048 |
|
| 942 |
_2ddc _cLIBROS |
||